[Event "Titled Tuesday intern op 23rd May Late"]
[Site "Chess.com INT"]
[Date "2023.05.23"]
[Round "2"]
[White "Cardozo Munar, Carlos Eduardo"]
[Black "Pires, Marcos Vinicius Tor"]
[Result "1/2-1/2"]
[WhiteElo "2043"]
[BlackElo "2253"]
[PlyCount "124"]
[EventDate "2023.05.23"]
[EventType "swiss (blitz)"]
[EventRounds "11"]
[EventCountry "USA"]
[SourceTitle "EXT 2024"]
[Source "ChessBase"]
[SourceDate "2023.10.10"]
[SourceVersion "1"]
[SourceVersionDate "2023.10.10"]
[SourceQuality "1"]

1. d4 Nf6 2. Bg5 g6 3. Bxf6 exf6 4. e3 Bg7 5. Nd2 0-0 6. g3 c6 7. Bg2 d5 8. Ne2 Re8 9. 0-0 Be6 10. c4 dxc4 11. a4 a5 12. Qc2 Nd7 13. Nxc4 Nb6 14. b3 Nd5 15. Rac1 Nb4 16. Qb1 f5 17. Nf4 Bd5 18. Nxd5 Nxd5 19. Rfd1 Nb4 20. Rd2 h5 21. Rcd1 Qc7 22. d5 cxd5 23. Bxd5 Bc3 24. Bf3 Bxd2 25. Rxd2 Rad8 26. Qd1 Rxd2 27. Qxd2 Rd8 28. Qc3 b6 29. Qf6 Nd5 30. Bxd5 Rxd5 31. Qxb6 Qxb6 32. Nxb6 Rd3 33. Nc4 Rd5 34. Kg2 Kf8 35. Kf3 Ke7 36. Ke2 Ke6 37. h4 Ke7 38. Ke1 Kd8 39. Ke2 Kc7 40. f3 Kb7 41. e4 fxe4 42. fxe4 Rc5 43. Ke3 Kc6 44. Kd4 g5 45. Ne5+ Kd6 46. Nxf7+ Kc6 47. Nxg5 Rc1 48. e5 Kd7 49. e6+ Ke7 50. Kd5 Rd1+ 51. Kc4 Rg1 52. b4 axb4 53. Kxb4 Rxg3 54. a5 Rg4+ 55. Kb5 Rxh4 56. a6 Rh1 57. a7 Rb1+ 58. Ka6 Ra1+ 59. Kb7 h4 60. a8Q Rxa8 61. Kxa8 h3 62. Nxh3 Kxe6 1/2-1/2

[Event "Titled Tuesday intern op 23rd May Late"]
[Site "Chess.com INT"]
[Date "2023.05.23"]
[Round "5"]
[White "Pires, Marcos Vinicius Tor"]
[Black "Eugene, Floryan"]
[Result "0-1"]
[WhiteElo "2253"]
[BlackElo "2388"]
[PlyCount "88"]
[EventDate "2023.05.23"]
[EventType "swiss (blitz)"]
[EventRounds "11"]
[EventCountry "USA"]
[SourceTitle "EXT 2024"]
[Source "ChessBase"]
[SourceDate "2023.10.10"]
[SourceVersion "1"]
[SourceVersionDate "2023.10.10"]
[SourceQuality "1"]

1. e4 c5 2. c3 d5 3. exd5 Qxd5 4. d4 Nf6 5. Nf3 Bg4 6. Be2 e6 7. h3 Bh5 8. Be3 cxd4 9. cxd4 Nc6 10. Nc3 Qd6 11. 0-0 Be7 12. Qb3 Qb4 13. Qc2 0-0 14. a3 Qd6 15. Rfd1 Rac8 16. Qb3 Qb8 17. Rac1 Rfd8 18. d5 exd5 19. Nxd5 Nxd5 20. Rxd5 Bg6 21. Rcd1 Bf6 22. Bb5 Rxd5 23. Qxd5 Rd8 24. Qb3 Rxd1+ 25. Qxd1 Bxb2 26. Bxc6 bxc6 27. Bxa7 Qe8 28. Bc5 h6 29. Qd2 Bf6 30. a4 Be4 31. Qe3 Qe6 32. Nd2 Bd5 33. a5 Qc8 34. Ne4 Bd8 35. Nd6 Qb8 36. Qe8+ Kh7 37. Nxf7 Qb1+ 38. Kh2 Bxa5 39. Qh8+ Kg6 40. Ne5+ Kf6 41. Ng4+ Kg6 42. Qe8+ Kh7 43. Qe7 Qf5 44. Bd4 Qf4+ 0-1

[Event "Titled Tuesday intern op 23rd May Late"]
[Site "Chess.com INT"]
[Date "2023.05.23"]
[Round "7"]
[White "Pires, Marcos Vinicius Tor"]
[Black "Veiga, Jose Francisco RP"]
[Result "0-1"]
[WhiteElo "2253"]
[BlackElo "2406"]
[PlyCount "42"]
[EventDate "2023.05.23"]
[EventType "swiss (blitz)"]
[EventRounds "11"]
[EventCountry "USA"]
[SourceTitle "EXT 2024"]
[Source "ChessBase"]
[SourceDate "2023.10.10"]
[SourceVersion "1"]
[SourceVersionDate "2023.10.10"]
[SourceQuality "1"]

1. e4 Nc6 2. d4 d5 3. Nc3 dxe4 4. d5 Ne5 5. Qd4 Ng6 6. Qxe4 Nf6 7. Qa4+ Bd7 8. Qb3 c6 9. Nf3 cxd5 10. Nxd5 Bc6 11. Nxf6+ exf6 12. Bb5 Qa5+ 13. Bd2 Qxb5 14. Qe3+ Be7 15. 0-0-0 0-0 16. h4 Bc5 17. Qc3 Rfc8 18. h5 Ne7 19. Nd4 Bxd4 20. Qxd4 Qa4 21. Qg4 Qxg4 0-1

[Event "Titled Tuesday intern op 23rd May Late"]
[Site "Chess.com INT"]
[Date "2023.05.23"]
[Round "6"]
[White "Zampronha, Wladimir Camilo"]
[Black "Pires, Marcos Vinicius Tor"]
[Result "0-1"]
[WhiteElo "2176"]
[BlackElo "2253"]
[PlyCount "60"]
[EventDate "2023.05.23"]
[EventType "swiss (blitz)"]
[EventRounds "11"]
[EventCountry "USA"]
[SourceTitle "EXT 2024"]
[Source "ChessBase"]
[SourceDate "2023.10.10"]
[SourceVersion "1"]
[SourceVersionDate "2023.10.10"]
[SourceQuality "1"]

1. e4 c5 2. Nf3 g6 3. d4 cxd4 4. Nxd4 Nc6 5. Nc3 Bg7 6. Be3 Nf6 7. Bc4 0-0 8. Bb3 Re8 9. 0-0 d6 10. h3 Bd7 11. Re1 a6 12. Qd2 Rc8 13. Rad1 Na5 14. Qe2 b5 15. Bc1 Nc4 16. Nd5 Nxd5 17. exd5 Qb6 18. c3 Qc5 19. Nc2 Bf5 20. Ne3 Nxe3 21. Bxe3 Qc7 22. Bd4 Bxd4 23. Rxd4 Qc5 24. g4 Bd7 25. Re4 Qc7 26. Kf1 b4 27. Rxe7 Rxe7 28. Qxe7 Re8 29. Qf6 Bb5+ 30. c4 Bxc4+ 0-1

[Event "Titled Tuesday intern op 16th May Late"]
[Site "Chess.com INT"]
[Date "2023.05.16"]
[Round "1"]
[White "Pires, Marcos Vinicius Tor"]
[Black "Bazeev, German"]
[Result "0-1"]
[WhiteElo "2253"]
[BlackElo "2369"]
[PlyCount "144"]
[EventDate "2023.05.16"]
[EventType "swiss (blitz)"]
[EventRounds "11"]
[EventCountry "USA"]
[SourceTitle "CBM 214 Extra"]
[Source "ChessBase"]
[SourceDate "2023.07.31"]
[SourceVersion "1"]
[SourceVersionDate "2023.07.31"]
[SourceQuality "1"]

1. d4 Nf6 2. Bf4 g6 3. e3 Bg7 4. Nf3 0-0 5. Be2 d6 6. h3 Nc6 7. 0-0 Nd7 8. Bh2 h6 9. c4 e5 10. Nc3 exd4 11. exd4 Re8 12. Re1 a5 13. Qd2 b6 14. Rad1 Bb7 15. Bf4 Kh7 16. Bf1 Ne7 17. d5 Nc5 18. Nd4 Qd7 19. Ncb5 Ng8 20. b3 Nf6 21. Bd3 Ba6 22. Bc2 Bxb5 23. Nxb5 Rxe1+ 24. Rxe1 Re8 25. Rxe8 Nxe8 26. Qe2 Nf6 27. Bd2 Qd8 28. Bc3 Ng8 29. Bxg7 Kxg7 30. Qe3 Nf6 31. a3 h5 32. b4 axb4 33. axb4 Ncd7 34. Nd4 Ne5 35. Bd3 Qa8 36. Bf1 Qa4 37. Qc3 Qd1 38. Nf3 Nxf3+ 39. Qxf3 Qxf3 40. gxf3 h4 41. Bd3 Nh5 42. Bf1 Kf6 43. Kg2 Nf4+ 44. Kh2 Ke5 45. Kg1 Kd4 46. Kh2 g5 47. Kg1 f5 48. Kh2 Ng6 49. Kg2 f4 50. Be2 Ne5 51. Kf1 Nxc4 52. Ke1 Kc3 53. Kd1 Kxb4 54. Kc2 Ne5 55. Bd1 Kc5 56. Kc3 Kxd5 57. Bb3+ Kc5 58. Be6 d5 59. Bf5 d4+ 60. Kd2 b5 61. Be4 b4 62. Kc2 Kc4 63. Kb2 b3 64. Bf5 Kb4 65. Be4 c5 66. Kc1 c4 67. Kb1 d3 68. Kb2 c3+ 69. Kc1 c2 70. Kb2 Nc4+ 71. Kc1 Kc3 72. Bxd3 b2# 0-1

[Event "Titled Tuesday intern op 16th May Late"]
[Site "Chess.com INT"]
[Date "2023.05.16"]
[Round "10"]
[White "Pires, Marcos Vinicius Tor"]
[Black "Slavin, Alexei"]
[Result "1-0"]
[WhiteElo "2253"]
[BlackElo "2364"]
[PlyCount "69"]
[EventDate "2023.05.16"]
[EventType "swiss (blitz)"]
[EventRounds "11"]
[EventCountry "USA"]
[SourceTitle "CBM 214 Extra"]
[Source "ChessBase"]
[SourceDate "2023.07.31"]
[SourceVersion "1"]
[SourceVersionDate "2023.07.31"]
[SourceQuality "1"]

1. d4 Nc6 2. Bf4 d6 3. Nf3 Bg4 4. Nbd2 e6 5. h3 Bh5 6. c3 Nf6 7. Qb3 Qc8 8. e3 Be7 9. Be2 0-0 10. e4 a6 11. a4 Bg6 12. e5 dxe5 13. Nxe5 Nxe5 14. Bxe5 c5 15. 0-0 cxd4 16. Bxd4 Ne4 17. Rfd1 Rd8 18. Bf3 Nc5 19. Bxc5 Qxc5 20. Ne4 Qc7 21. Rxd8+ Rxd8 22. Rd1 Rxd1+ 23. Qxd1 h6 24. Qd4 e5 25. Qd5 Kh7 26. Nd2 b6 27. Nc4 Bf6 28. Be4 Bxe4 29. Qxe4+ g6 30. Qd5 Kg7 31. Nd6 Qd7 32. g4 g5 33. Nf5+ Qxf5 34. gxf5 e4 35. Qxe4 1-0

[Event "Titled Tuesday intern op 16th May Late"]
[Site "Chess.com INT"]
[Date "2023.05.16"]
[Round "9"]
[White "Rasulov, Vugar Ural Oglu"]
[Black "Pires, Marcos Vinicius Tor"]
[Result "1-0"]
[WhiteElo "2523"]
[BlackElo "2253"]
[PlyCount "123"]
[EventDate "2023.05.16"]
[EventType "swiss (blitz)"]
[EventRounds "11"]
[EventCountry "USA"]
[SourceTitle "CBM 214 Extra"]
[Source "ChessBase"]
[SourceDate "2023.07.31"]
[SourceVersion "1"]
[SourceVersionDate "2023.07.31"]
[SourceQuality "1"]

1. Nf3 Nf6 2. b3 g6 3. Bb2 Bg7 4. e3 d6 5. d4 0-0 6. Be2 Ne4 7. 0-0 Nd7 8. Nbd2 Ndf6 9. Nxe4 Nxe4 10. c4 c5 11. Qc2 f5 12. Bd3 Nf6 13. dxc5 dxc5 14. Rad1 Qc7 15. Be5 Qc6 16. Qb2 Nh5 17. Bc2 Be6 18. Ng5 Rad8 19. Bxg7 Nxg7 20. Qe5 h6 21. Nxe6 Nxe6 22. h4 h5 23. Rd5 b6 24. Rfd1 Rfe8 25. Bxf5 gxf5 26. Qxf5 Ng7 27. Qf3 Rxd5 28. cxd5 Qf6 29. Qg3 Kh8 30. e4 Rf8 31. f3 Ne8 32. Kh2 Rg8 33. Qf2 Qf4+ 34. g3 Qe5 35. Rg1 Nf6 36. Qe3 Kh7 37. Qd3 Rg6 38. a4 Nd7 39. f4 Qd4 40. Qxd4 cxd4 41. Rd1 Nc5 42. Rxd4 Nxb3 43. Rc4 Nc5 44. e5 Rg8 45. a5 Rd8 46. axb6 axb6 47. Rd4 Ne6 48. Rb4 Rxd5 49. Rxb6 Nd4 50. Rb7 Kg6 51. Rxe7 Kf5 52. Kh3 Nf3 53. Rh7 Ng1+ 54. Kg2 Ne2 55. Rxh5+ Ke4 56. Rg5 Rd2 57. Kf1 Kf3 58. Ke1 Ra2 59. e6 Nd4 60. Re5 Re2+ 61. Rxe2 Nxe2 62. e7 1-0

[Event "Titled Tuesday intern op 16th May Late"]
[Site "Chess.com INT"]
[Date "2023.05.16"]
[Round "8"]
[White "Sargsyan, Anna M"]
[Black "Pires, Marcos Vinicius Tor"]
[Result "1-0"]
[WhiteElo "2375"]
[BlackElo "2253"]
[PlyCount "111"]
[EventDate "2023.05.16"]
[EventType "swiss (blitz)"]
[EventRounds "11"]
[EventCountry "USA"]
[SourceTitle "CBM 214 Extra"]
[Source "ChessBase"]
[SourceDate "2023.07.31"]
[SourceVersion "1"]
[SourceVersionDate "2023.07.31"]
[SourceQuality "1"]

1. d4 Nf6 2. c4 g6 3. g3 Bg7 4. Bg2 0-0 5. Nc3 d6 6. Nf3 Nc6 7. 0-0 e5 8. d5 Nb8 9. e4 a5 10. Ne1 Na6 11. Nd3 Nd7 12. Be3 Ndc5 13. Nxc5 Nxc5 14. Qd2 f5 15. Bh6 f4 16. Bxg7 Kxg7 17. f3 Bd7 18. Ne2 g5 19. Kh1 Qf6 20. Rg1 Kh8 21. Raf1 Rg8 22. b3 b6 23. Rf2 Raf8 24. Bf1 Qh6 25. gxf4 gxf4 26. Rxg8+ Rxg8 27. Rg2 Qh5 28. Ng1 Rg5 29. Rxg5 Qxg5 30. Qg2 Qxg2+ 31. Kxg2 Kg7 32. Kf2 Kf6 33. Ke2 Kg5 34. Kd2 Kh4 35. Kc3 Be8 36. a3 Bh5 37. b4 axb4+ 38. axb4 Nb7 39. Kb3 Nd8 40. Bg2 Nf7 41. Ka4 Kg5 42. Kb5 Nd8 43. Ka6 Kf6 44. Ne2 Ke7 45. Nc3 Be8 46. Ka7 Nf7 47. h4 Bd7 48. Bf1 h5 49. b5 Nh8 50. Na2 Ng6 51. Nb4 Nxh4 52. Be2 Ng2 53. Kb8 Kd8 54. Na6 h4 55. Nxc7 h3 56. Bf1 1-0

[Event "Titled Tuesday intern op 04th Apr Late"]
[Site "Chess.com INT"]
[Date "2023.04.04"]
[Round "4"]
[White "Druzhinina, Olga"]
[Black "Pires, Marcos Vinicius Tor"]
[Result "0-1"]
[WhiteElo "2245"]
[BlackElo "2253"]
[PlyCount "88"]
[EventDate "2023.04.04"]
[EventType "swiss (blitz)"]
[EventRounds "11"]
[EventCountry "USA"]
[SourceTitle "EXT 2024"]
[Source "ChessBase"]
[SourceDate "2023.10.10"]
[SourceVersion "1"]
[SourceVersionDate "2023.10.10"]
[SourceQuality "1"]

1. e4 c5 2. Nf3 g6 3. c3 Bg7 4. d4 cxd4 5. cxd4 d5 6. e5 Bg4 7. Be2 Nc6 8. Nc3 e6 9. Be3 Nge7 10. 0-0 0-0 11. h3 Bxf3 12. Bxf3 Nf5 13. Ne2 Qb6 14. Qd2 Rac8 15. Rfd1 Na5 16. b3 Nc6 17. g4 Nxe3 18. Qxe3 Nb4 19. Nc3 Rc7 20. Rac1 Rfc8 21. a3 Na6 22. b4 Nb8 23. Be2 Qc6 24. Na2 Qa4 25. Rxc7 Rxc7 26. Rc1 Rc2 27. Bd1 Rxc1 28. Qxc1 Qc6 29. Qd2 Qc4 30. Qb2 Nc6 31. b5 Nxd4 32. b6 a6 33. Nb4 Bxe5 34. Qd2 Qb5 35. f4 Bg7 36. Kg2 Qxb6 37. Qc1 Nc6 38. Nd3 Qd4 39. Be2 Qe4+ 40. Kf2 Bd4+ 41. Ke1 Qh1+ 42. Bf1 Qe4+ 43. Be2 Be3 44. Qb2 Nd4 0-1

[Event "Titled Tuesday intern op 04th Apr Late"]
[Site "Chess.com INT"]
[Date "2023.04.04"]
[Round "5"]
[White "Pires, Marcos Vinicius Tor"]
[Black "Pakleza, Zbigniew"]
[Result "0-1"]
[WhiteElo "2253"]
[BlackElo "2494"]
[PlyCount "98"]
[EventDate "2023.04.04"]
[EventType "swiss (blitz)"]
[EventRounds "11"]
[EventCountry "USA"]
[SourceTitle "EXT 2024"]
[Source "ChessBase"]
[SourceDate "2023.10.10"]
[SourceVersion "1"]
[SourceVersionDate "2023.10.10"]
[SourceQuality "1"]

1. d4 d6 2. Bf4 Nc6 3. e3 e5 4. Bg3 Nh6 5. Nf3 Nf5 6. dxe5 Nxg3 7. hxg3 Nxe5 8. Nxe5 dxe5 9. Qxd8+ Kxd8 10. Nd2 Be6 11. Bc4 Ke7 12. Bxe6 Kxe6 13. 0-0-0 Be7 14. Nc4 h5 15. Rd2 Rad8 16. Rxd8 Bxd8 17. Na5 b6 18. Nc6 Bf6 19. Nxa7 e4 20. Nb5 c6 21. Nd4+ Bxd4 22. exd4 Kd5 23. c3 g6 24. Kd2 Ra8 25. a3 b5 26. Kc2 f5 27. Re1 Rh8 28. Rh1 Rf8 29. Kd2 Kc4 30. Kc2 f4 31. b3+ Kd5 32. gxf4 Rxf4 33. Rf1 Rg4 34. g3 e3 35. fxe3 Rxg3 36. Kd3 h4 37. c4+ bxc4+ 38. bxc4+ Ke6 39. Ke4 g5 40. d5+ cxd5+ 41. cxd5+ Ke7 42. Kd4 h3 43. e4 h2 44. Rh1 Rg2 45. Ke5 g4 46. Rb1 Rg1 47. Rb7+ Kd8 48. Kd6 Kc8 49. Rc7+ Kb8 0-1

[Event "Titled Tuesday intern op 04th Apr Late"]
[Site "Chess.com INT"]
[Date "2023.04.04"]
[Round "7"]
[White "Pires, Marcos Vinicius Tor"]
[Black "Stachanczyk, Jacek"]
[Result "1-0"]
[WhiteElo "2253"]
[BlackElo "2159"]
[PlyCount "103"]
[EventDate "2023.04.04"]
[EventType "swiss (blitz)"]
[EventRounds "11"]
[EventCountry "USA"]
[SourceTitle "EXT 2024"]
[Source "ChessBase"]
[SourceDate "2023.10.10"]
[SourceVersion "1"]
[SourceVersionDate "2023.10.10"]
[SourceQuality "1"]

1. d4 Nf6 2. Bf4 d5 3. e3 c5 4. c3 Nc6 5. Nd2 cxd4 6. exd4 Bg4 7. Qb3 Qc8 8. h3 Bh5 9. g4 Bg6 10. g5 Ne4 11. Qxd5 Nxd2 12. Bxd2 e6 13. Qf3 Bd6 14. h4 0-0 15. h5 Bf5 16. Bd3 Bxd3 17. Qxd3 e5 18. d5 e4 19. Qe2 Ne5 20. Qxe4 Re8 21. 0-0-0 Ng4 22. Qf3 Ne5 23. Qe2 Nc4 24. Qd3 Ne5 25. Qc2 Qc4 26. Kb1 Qxd5 27. Nh3 Qc6 28. Nf4 Nc4 29. Bc1 Rad8 30. Rhe1 Rxe1 31. Rxe1 Bxf4 32. Bxf4 Qf3 33. Qe2 Qc6 34. Bc1 b5 35. Qe4 Qc8 36. g6 hxg6 37. hxg6 fxg6 38. Qxg6 Rf8 39. Qe6+ Qxe6 40. Rxe6 Rxf2 41. Re7 Rf7 42. Re8+ Rf8 43. Re6 Rf7 44. b3 Nb6 45. Re5 a6 46. Re6 Nd5 47. Rxa6 Nxc3+ 48. Kc2 Ne2 49. Bb2 Nf4 50. Rb6 Rf5 51. Rb7 Rg5 52. Bc1 1-0

[Event "Titled Tuesday intern op 04th Apr Late"]
[Site "Chess.com INT"]
[Date "2023.04.04"]
[Round "6"]
[White "Zhong, Kevin"]
[Black "Pires, Marcos Vinicius Tor"]
[Result "1-0"]
[WhiteElo "2120"]
[BlackElo "2253"]
[PlyCount "73"]
[EventDate "2023.04.04"]
[EventType "swiss (blitz)"]
[EventRounds "11"]
[EventCountry "USA"]
[SourceTitle "EXT 2024"]
[Source "ChessBase"]
[SourceDate "2023.10.10"]
[SourceVersion "1"]
[SourceVersionDate "2023.10.10"]
[SourceQuality "1"]

1. d4 Nf6 2. c4 g6 3. Nc3 Bg7 4. e4 d6 5. Nf3 0-0 6. Be2 e5 7. Be3 exd4 8. Nxd4 Re8 9. f3 c6 10. Bf2 d5 11. exd5 cxd5 12. 0-0 Nc6 13. c5 a6 14. Qd2 Ne5 15. b3 Qc7 16. Na4 Bd7 17. Nb6 Rad8 18. Rac1 Bc6 19. Bg3 Qe7 20. Bxe5 Qxe5 21. Nxc6 bxc6 22. Bxa6 Qh5 23. Rce1 Bh6 24. Qd4 Bg7 25. Qa4 Qg5 26. Qxc6 Qd2 27. Rd1 Qxa2 28. Nc8 Qxb3 29. Nd6 Re7 30. Rfe1 Nh5 31. Kh1 Qc2 32. Qb5 Rxe1+ 33. Rxe1 Nf4 34. Re8+ Rxe8 35. Qxe8+ Bf8 36. Qxf7+ Kh8 37. Qxf8# 1-0

[Event "Titled Tuesday intern op 28th Mar Late"]
[Site "Chess.com INT"]
[Date "2023.03.28"]
[Round "5"]
[White "Kohler, Aran"]
[Black "Pires, Marcos Vinicius Tor"]
[Result "0-1"]
[WhiteElo "2010"]
[BlackElo "2253"]
[PlyCount "102"]
[EventDate "2023.03.28"]
[EventType "swiss (blitz)"]
[EventRounds "11"]
[EventCountry "USA"]
[SourceTitle "EXT 2024"]
[Source "ChessBase"]
[SourceDate "2023.10.10"]
[SourceVersion "1"]
[SourceVersionDate "2023.10.10"]
[SourceQuality "1"]

1. d4 Nf6 2. Bg5 e6 3. e3 h6 4. Bh4 b6 5. Nd2 Bb7 6. Ngf3 Be7 7. Bd3 d6 8. c3 Nbd7 9. a4 a6 10. h3 e5 11. dxe5 dxe5 12. Bf5 g6 13. Bxf6 Nxf6 14. Bc2 e4 15. Nd4 c5 16. Ne2 Bd6 17. 0-0 0-0 18. Ng3 Bxg3 19. fxg3 Qe7 20. Qe1 Rad8 21. Nc4 b5 22. axb5 axb5 23. Nd2 Ra8 24. Qf2 Kg7 25. g4 Qe5 26. Qf4 Qxf4 27. exf4 Rfd8 28. Nb3 Bc6 29. Nxc5 Rd2 30. Rxa8 Bxa8 31. Rf2 Rd5 32. Nxe4 Nxe4 33. Bxe4 Rd1+ 34. Rf1 Rxf1+ 35. Kxf1 Bxe4 36. g3 Kf6 37. Kf2 Ke6 38. Ke3 Bd5 39. Kd4 Kd6 40. b4 Bc4 41. h4 h5 42. gxh5 gxh5 43. Ke4 Ke6 44. f5+ Kf6 45. Kf4 Bd3 46. g4 hxg4 47. Kxg4 Bxf5+ 48. Kf4 Bg6 49. Ke3 Ke5 50. Kf3 Bh5+ 51. Ke3 f5 0-1

[Event "Florianopolis op 9th"]
[Site "Florianopolis"]
[Date "2023.01.29"]
[Round "10"]
[White "Pires, Marcos Vinicius Tor"]
[Black "Ferreira, Thales Bond Dias"]
[Result "1-0"]
[WhiteElo "2238"]
[BlackElo "2085"]
[PlyCount "83"]
[EventDate "2023.01.23"]
[EventType "swiss"]
[EventRounds "10"]
[EventCountry "BRA"]
[SourceTitle "CBM 212 Extra"]
[Source "ChessBase"]
[SourceDate "2023.03.31"]
[SourceVersion "1"]
[SourceVersionDate "2023.03.31"]
[SourceQuality "1"]

1. d4 d5 2. Nf3 Nf6 3. g3 e6 4. Bg2 Be7 5. 0-0 0-0 6. c4 c6 7. Nc3 b6 8. Ne5 Bb7 9. e4 Nbd7 10. Nxc6 Bxc6 11. exd5 Bb7 12. d6 Bxg2 13. dxe7 Qxe7 14. Kxg2 Rac8 15. b3 Rfd8 16. Qf3 Nf8 17. Rd1 Rd7 18. Bb2 Rcd8 19. Ne4 Nxe4 20. Qxe4 Ng6 21. Rd3 f5 22. Qf3 Qg5 23. Kh1 e5 24. Qe3 Qxe3 25. fxe3 e4 26. Rdd1 Ne5 27. Rf1 Nf3 28. Bc3 Rc8 29. a4 a6 30. Bb4 g5 31. Rad1 b5 32. axb5 axb5 33. c5 Ra8 34. Rf2 Rda7 35. Bc3 Ra3 36. Bb2 Rxb3 37. c6 g4 38. d5 Rd3 39. Rff1 Kf7 40. d6 Ke6 41. d7 Ra2 42. Rxd3 1-0

[Event "Florianopolis op 9th"]
[Site "Florianopolis"]
[Date "2023.01.28"]
[Round "9"]
[White "Pires, Marcos Vinicius Tor"]
[Black "Peroza, Eduardo Antunes"]
[Result "1-0"]
[WhiteElo "2238"]
[BlackElo "2053"]
[PlyCount "123"]
[EventDate "2023.01.23"]
[EventType "swiss"]
[EventRounds "10"]
[EventCountry "BRA"]
[SourceTitle "CBM 212 Extra"]
[Source "ChessBase"]
[SourceDate "2023.03.31"]
[SourceVersion "1"]
[SourceVersionDate "2023.03.31"]
[SourceQuality "1"]

1. c4 e5 2. Nc3 d6 3. g3 g6 4. d4 Bg7 5. dxe5 dxe5 6. Qxd8+ Kxd8 7. Bg5+ f6 8. 0-0-0+ Ke8 9. Be3 Ne7 10. Bg2 a6 11. Nf3 Nbc6 12. Ne1 Be6 13. Nd5 Bxd5 14. cxd5 Nd8 15. Nd3 Nf5 16. Bc5 Nd6 17. f4 b6 18. Bb4 a5 19. Bc3 N8f7 20. fxe5 fxe5 21. Kb1 h5 22. Nf4 exf4 23. Bxg7 Rh7 24. Bf6 fxg3 25. hxg3 Ra7 26. e4 Nc4 27. Bh3 a4 28. e5 Ra5 29. Rhe1 Kf8 30. Bd7 Nfxe5 31. Be6 Nf7 32. Rd4 Rc5 33. Rc1 Nfd6 34. b3 axb3 35. axb3 Na3+ 36. Kb2 Rxc1 37. Kxc1 Nab5 38. Ra4 Re7 39. Rf4 Rf7 40. Bxf7 Kxf7 41. Be5+ Nf5 42. Kd2 Ke7 43. Rc4 Kd7 44. Rc6 Nbd6 45. Bxd6 Nxd6 46. Ke3 g5 47. Rc3 Kd8 48. Rd3 Ke7 49. Kd4 Kf6 50. Rf3+ Kg6 51. Ke5 g4 52. Rf8 Nf7+ 53. Ke6 Ng5+ 54. Ke5 Nf3+ 55. Kf4 Nd4 56. Rc8 Nb5 57. Rg8+ Kf7 58. Rg5 Nd4 59. Rxh5 Nxb3 60. Rh7+ Kf6 61. Rxc7 b5 62. Rc6+ 1-0

[Event "Florianopolis op 9th"]
[Site "Florianopolis"]
[Date "2023.01.27"]
[Round "7"]
[White "Cuenca Jimenez, Jose Fernando"]
[Black "Pires, Marcos Vinicius Tor"]
[Result "1-0"]
[WhiteElo "2545"]
[BlackElo "2238"]
[PlyCount "131"]
[EventDate "2023.01.23"]
[EventType "swiss"]
[EventRounds "10"]
[EventCountry "BRA"]
[SourceTitle "CBM 212 Extra"]
[Source "ChessBase"]
[SourceDate "2023.03.31"]
[SourceVersion "1"]
[SourceVersionDate "2023.03.31"]
[SourceQuality "1"]

1. d4 d5 2. c4 e6 3. Nf3 Nf6 4. g3 dxc4 5. Bg2 c5 6. Qa4+ Bd7 7. Qxc4 b5 8. Qc2 Na6 9. Nc3 Rc8 10. a3 Be7 11. dxc5 Nxc5 12. Ne5 0-0 13. 0-0 Na4 14. Rd1 Nxc3 15. bxc3 Rc7 16. Be3 Qc8 17. Qb2 Rd8 18. Bd4 Be8 19. Nd3 Nd5 20. Be5 Rc4 21. Rdc1 Nb6 22. Qb3 Na4 23. Bd4 Rc7 24. Bf3 Nc5 25. Nxc5 Bxc5 26. Rd1 Bxd4 27. cxd4 Rc3 28. Qb2 Rc2 29. Qb1 Qc4 30. Qb4 Qxb4 31. axb4 Rc4 32. Rxa7 Rxb4 33. d5 exd5 34. Bxd5 Rxd5 35. Rxd5 Rb1+ 36. Kg2 Bc6 37. e4 Bxd5 38. exd5 g6 39. Kf3 Kg7 40. Ke4 Kf6 41. Rb7 b4 42. Rb6+ Ke7 43. Ke5 Re1+ 44. Kd4 Rd1+ 45. Kc5 Rc1+ 46. Kd4 Rd1+ 47. Ke4 Re1+ 48. Kf4 Rd1 49. Rb7+ Kf6 50. Ke4 Rb1 51. Kd4 b3 52. Kc5 Rc1+ 53. Kd6 Rc2 54. Rxb3 Rxf2 55. h4 h5 56. Re3 g5 57. hxg5+ Kxg5 58. Ke7 Rd2 59. Re5+ f5 60. Ke6 Kg4 61. Rxf5 Rd3 62. Kf6 Rd1 63. Rg5+ Kf3 64. Ke7 Re1+ 65. Kd7 Rd1 66. d6 1-0

[Event "Florianopolis op 9th"]
[Site "Florianopolis"]
[Date "2023.01.26"]
[Round "5"]
[White "Mekhitarian, Krikor Sevag"]
[Black "Pires, Marcos Vinicius Tor"]
[Result "1-0"]
[WhiteElo "2551"]
[BlackElo "2238"]
[PlyCount "97"]
[EventDate "2023.01.23"]
[EventType "swiss"]
[EventRounds "10"]
[EventCountry "BRA"]
[SourceTitle "CBM 212 Extra"]
[Source "ChessBase"]
[SourceDate "2023.03.31"]
[SourceVersion "1"]
[SourceVersionDate "2023.03.31"]
[SourceQuality "1"]

1. d4 d5 2. c4 c6 3. Nf3 Nf6 4. e3 a6 5. Nc3 Bf5 6. Qb3 Ra7 7. Nh4 Be4 8. f3 Bg6 9. e4 dxe4 10. Nxg6 hxg6 11. Be3 e6 12. 0-0-0 Nbd7 13. fxe4 Qa5 14. e5 Ng4 15. Bg1 Ra8 16. Be2 Nh6 17. g4 Be7 18. Be3 0-0 19. Ne4 c5 20. d5 exd5 21. Rxd5 Qc7 22. Bf4 Rfd8 23. Rf1 Qc6 24. Qf3 Qe6 25. Rfd1 Nf8 26. Nxc5 Qb6 27. Rxd8 Rxd8 28. Rxd8 Qxd8 29. Nxb7 Qd7 30. Qd5 Qa4 31. Kb1 Ne6 32. Bd2 Kh7 33. Nd6 Bg5 34. b3 Qa3 35. Qa5 Qxa5 36. Bxa5 Bf4 37. Bc3 Bxh2 38. Ne4 Ng8 39. c5 Ne7 40. Bxa6 Nc6 41. Bc4 Bxe5 42. Bxe5 Nxe5 43. Bxe6 fxe6 44. b4 Kg8 45. b5 Kf8 46. a4 Ke7 47. g5 Kd7 48. Kc2 Kc7 49. Kc3 1-0

[Event "Florianopolis op 9th"]
[Site "Florianopolis"]
[Date "2023.01.25"]
[Round "4"]
[White "Pires, Marcos Vinicius Tor"]
[Black "Goncalves, Nata"]
[Result "1-0"]
[WhiteElo "2238"]
[BlackElo "2013"]
[PlyCount "89"]
[EventDate "2023.01.23"]
[EventType "swiss"]
[EventRounds "10"]
[EventCountry "BRA"]
[SourceTitle "CBM 212 Extra"]
[Source "ChessBase"]
[SourceDate "2023.03.31"]
[SourceVersion "1"]
[SourceVersionDate "2023.03.31"]
[SourceQuality "1"]

1. Nf3 Nf6 2. c4 g6 3. b3 Bg7 4. Bb2 0-0 5. g3 c6 6. Bg2 d5 7. 0-0 Bf5 8. d3 Re8 9. Nbd2 Nfd7 10. Bxg7 Kxg7 11. Nd4 Nc5 12. Nxf5+ gxf5 13. Qc1 Qd6 14. Nf3 Nbd7 15. Nh4 e6 16. b4 Na6 17. a3 Nc7 18. e4 fxe4 19. dxe4 Qe5 20. exd5 cxd5 21. Re1 Qf6 22. cxd5 Nxd5 23. Bxd5 exd5 24. Qd2 Nb6 25. Rad1 Re6 26. Qd3 Rae8 27. Rf1 Re4 28. Ng2 Rc8 29. Nf4 Qc3 30. Nxd5 Qxd3 31. Rxd3 Nxd5 32. Rxd5 Rc3 33. Ra5 a6 34. Rd1 Re7 35. Rd4 f6 36. Kg2 Rec7 37. Rg4+ Kf8 38. Rf4 Kg7 39. Kh3 R7c6 40. Rg4+ Kf8 41. Rd4 Rc7 42. Kg4 R3c4 43. Rxc4 Rxc4+ 44. Kf5 Ke7 45. Rc5 1-0